[Event "Reykjavik op"]
[Site "Reykjavik"]
[Date "2024.03.19"]
[Round "7"]
[White "Eiriksson, Theodor"]
[Black "Perchard, Matthew"]
[Result "0-1"]
[WhiteElo "1579"]
[BlackElo "1724"]
[PlyCount "122"]
[EventDate "2024.03.15"]
[EventType "swiss"]
[EventRounds "9"]
[EventCountry "ISL"]
[SourceTitle "CB13_2024"]
[SourceDate "2024.03.27"]
[SourceVersion "1"]
[SourceVersionDate "2024.03.27"]
[SourceQuality "1"]

1. d4 Nf6 2. Nf3 e6 3. c4 c5 4. g3 cxd4 5. Qxd4 Nc6 6. Qd1 d5 7. cxd5 Nxd5 8. Bg2 Bc5 9. 0-0 0-0 10. Qc2 Be7 11. a3 Bd7 12. Nc3 Nxc3 13. Qxc3 Bf6 14. Qd2 Qe7 15. Rb1 Rfd8 16. b4 e5 17. Bb2 Bf5 18. Qe3 Bxb1 19. Rxb1 Nd4 20. Nxd4 exd4 21. Qxe7 Bxe7 22. Bxb7 Rab8 23. Bc6 d3 24. exd3 Rxd3 25. Re1 Bf8 26. Re2 g6 27. Kg2 Bg7 28. Bxg7 Kxg7 29. b5 Rxa3 30. Rc2 Rc8 31. Rd2 Rc7 32. Rb2 Rc3 33. Bf3 Rc2 34. Rb3 Rd2 35. Bc6 Re7 36. Rf3 f5 37. Ra3 Kf6 38. Ra6 Ke5 39. Ra4 g5 40. h3 h5 41. Ra5 Kd6 42. Ra6 Kc5 43. Ra1 Kb4 44. Rb1+ Kc3 45. Rc1+ Rc2 46. Ra1 Kd2 47. Rb1 Rc1 48. Rb2+ Kc3 49. Ra2 Rd1 50. Ra3+ Kb2 51. Rf3 Re5 52. Kh2 Rd4 53. Kg2 g4 54. hxg4 hxg4 55. Rf4 Rxf4 56. gxf4 Rc5 57. Bd7 Kc3 58. Kg3 Kb4 59. Kh4 Rxb5 60. Bxb5 Kxb5 61. Kg5 a5 0-1